000 00770nam a22002057a 4500
003 0
005 20250127154255.0
008 250127b xxu||||| |||| 00| 0 eng d
050 _aHD 9199
_b.R36 2019
100 _aRamoso, Luigi Emmanuelle Orola
245 _aA feasibility study on manufacturing an instant brewed coffee in (tea) bags
_c Luigi Emmanuelle Orola Ramoso
260 _aLas Pinas City
_bSouthville International School and Colleges
_c2019
300 _aunnumbered pages ;
_c28cm.
500 _aMarketing Management.
504 _aIncludes bibliographical references and appendices.
650 _aCoffee industry—Feasibility studies.
650 _aInstant coffee—Production.
650 _aCoffee packaging—Innovation.
942 _2lcc
_cTH
999 _c367078
_d367078